Plus grandes villes de France par 2 premières lettres - Facile - Statistiques

Statistiques générales
  • Ce quiz a été pris 59 fois
  • Le résultat moyen est 51 sur 86
Statistiques - réponses
Ville Département Hab. % Correct
B BO Bordeaux Gironde 268 000
93%
A AJ Ajaccio Corse-du-Sud 76 000
91%
P PA Paris Paris 2 104 000
89%
B BR Brest Finistère 142 000
87%
L LY Lyon Métropole de Lyon 519 000
87%
D DI Dijon Côte-d'Or 162 000
85%
N NA Nantes Loire-Atlantique 328 000
85%
B BA Bayonne Pyrénées-Atlantiques 54 000
84%
B BL Blois Loir-et-Cher 47 000
84%
C CL Clermont-Ferrand Puy-de-Dôme 146 000
84%
L LI Lille Nord 238 000
84%
M MA Marseille Bouches-du-Rhône 886 000
84%
N NI Nice Alpes-Maritimes 358 000
84%
A AM Amiens Somme 136 000
82%
C CA Caen Calvados 109 000
82%
F FO Fort-de-France Martinique 76 000
82%
M MO Montpellier Hérault 310 000
82%
P QU Quimper Finistère 64 000
82%
R RE Rennes Ille-et-Vilaine 231 000
82%
T TO Toulouse Haute-Garonne 515 000
82%
A AG Agen Lot-et-Garonne 33 000
80%
H HY Hyères Var 56 000
78%
L LO Lorient Morbihan 58 000
78%
M MU Mulhouse Haut-Rhin 105 000
78%
O OR Orléans Loiret 116 000
78%
G GR Grenoble Isère 156 000
76%
L LA La Rochelle Charente-Maritime 80 000
76%
A AN Angers Maine-et-Loire 159 000
75%
A AV Avignon Vaucluse 92 000
75%
B BE Besançon Doubs 119 000
75%
S ST Strasbourg Bas-Rhin 294 000
75%
A AI Aix-en-Provence Bouches-du-Rhone 150 000
73%
V VA Valence Drôme 64 000
73%
A AL Albi Tarn 51 000
71%
A AR Argenteuil Val-d'Oise 106 000
69%
D DU Dunkerque Nord 86 000
69%
F FR Fréjus Var 60 000
69%
M ME Metz Moselle 123 000
69%
R RO Rouen Seine-Maritime 118 000
69%
T TR Troyes Aube 62 000
69%
C CH Cherbourg-en-Cotentin Manche 78 000
67%
E EV Evry-Courcouronnes Essonne 67 000
67%
P PE Perpignan Pyrénées-Orientales 122 000
67%
C CR Créteil Val-de-Marne 93 000
65%
I IV Ivry-sur-Seine Val-de-Marne 65 000
65%
S SA Saint-Étienne Loire 173 000
65%
V VI Villeurbanne Métropole de Lyon 164 000
65%
A AU Aubervilliers Seine-Saint-Denis 88 000
64%
P PO Poitiers Vienne 90 000
64%
I IS Issy-les-Moulineaux Hauts-de-Seine 68 000
60%
A AS Asnières-sur-Seine Hauts-de-Seine 94 000
56%
C CE Cergy Val-d'Oise 71 000
56%
D DO Douai Nord 40 000
56%
L LE Le Havre Seine-Maritime 167 000
56%
V VE Versailles Yvelines 84 000
56%
D DR Drancy Seine-Saint-Denis 72 000
55%
E EC Echirolles Isère 37 000
51%
C CO Colombes Hauts-de-Seine 91 000
49%
T TH Thionville Moselle 43 000
49%
N NE Neuilly-sur-Seine Hauts-de-Seine 60 000
45%
P PU Puteaux Hauts-de-Seine 44 000
45%
G GE Gennevilliers Hauts-de-Seine 51 000
44%
S SU Suresnes Hauts-de-Seine 49 000
42%
D DE Décines-Charpieu Métropole de Lyon 30 000
38%
J JO Joué-les-Tours Indre-et-Loire 38 000
38%
R RU Rueil-Malmaison Hauts-de-Seine 83 000
36%
H HA Haguenau Bas-Rhin 37 000
35%
T TA Talence Gironde 46 000
35%
W WA Wattrelos Nord 41 000
35%
E EP Epinay-sur-Seine Seine-Saint-Denis 53 000
33%
O OU Oullins-Pierre-Bénite Métropole de Lyon 38 000
31%
N NO Noisy-le-Grand Seine-Saint-Denis 73 000
29%
A AT Athis-Mons Essonne 37 000
27%
G GU Guyancourt Yvelines 30 000
27%
L LH L'Haÿ-les-Roses Val de Marne 31 000
27%
R RI Rillieux-la-Pape Métropole de Lyon 31 000
27%
S SE Sevran Seine-Saint-Denis 53 000
27%
F FA Faaa Polynésie française 30 000
22%
H HO Houilles Yvelines 34 000
22%
G GA Gagny Seine-Saint-Denis 42 000
20%
P PL Plaisir Yvelines 32 000
20%
S SC Schiltigheim Bas-Rhin 35 000
15%
S SI Six-Fours-les-Plages Var 37 000
15%
G GO Goussainville Val-d'Oise 31 000
13%
H HE Herblay-sur-Seine Val-d'Oise 32 000
13%
K KO Koungou Mayotte 32 000
7%
Aucun quiz correspondant
Distribution des résultats
% des personnes avec chaque résultat
Percentile par nombre de réponses
Votre historique - résultats
Vous n’avez pas pris ce quiz